000 00318nam a2200133Ia 4500
005 20251222155108.0
008 251222s9999||||xx |||||||||||||| ||spa||
082 _aMEQ. 33.7A
100 _aRESTREPO, otros.
245 0 _aEnfermedades Infecciosas 4ta. Edición
250 _a4ta. ed.
264 _bCIB
942 _cLIB
999 _c37950
_d37950